00370nam a2200097Ia 4500008004100000245009700041245004800138260000900186650002600195856005100221171204s9999 xx 000 0 und d 4aThe Oxford Handbook of Applied Nonparametric and Semiparametric Econometrics and Statistics: cAman Ullah, Jeffrey Racine, and Liangjun Su c2014 xADVANCED STATISTICS 1 uhttp://down.ebook777.com/049/9780199857944.pdf